Les youtubeurs avec leur photo de profil - Statistiques

Statistiques générales
  • Ce quiz a été pris 91 fois
  • Le résultat moyen est 4 sur 9
Statistiques - réponses
Par images Réponse % Correct
Joyca
99%
Anyme
96%
Squeezie
94%
Mr Beast
71%
Unchained
29%
Billy
5%
Gauthier DM Sciences
2%
Turis
2%
Wemmbu
1%
Aucun quiz correspondant
Distribution des résultats
% des personnes avec chaque résultat
Percentile par nombre de réponses
Votre historique - résultats
Vous n’avez pas pris ce quiz